000
00301nam a22001337a 4500
008
171016b xxu||||| |||| 00| 0 eng d
020
_a
9780374159757
041
_a
eng
080
_a
33
100
_a
52
101
_a
ECO
245
_a
THE NEXT CONVEREGENCE ECONOMIC
_c
SPENCE.M
942
_2
udc
_c
BK
999
_c
34114
_d
34114